000 00520nam a2200193Ia 4500
005 20250326142824.0
008 250326s9999 xx 000 0 und d
020 _a1-85251-151-6
037 _aTextbook
040 _aFMSL
_beng
_cFMSL
041 _aeng
_2eng
084 _aX:8 N2
_qFMSL
100 _aHeller R
_9276475
245 0 _aComplete guide to modern management
_cHeller R
260 _aLondon
_bLondon, Mercury Books
_c1992
300 _a437p
942 _cTB
_hX:8 N2
999 _c1296791
_d1296791